Contabilidad : primer curso /

Guardado en:
Autor Principal: Cholvis, Francisco
Formato: Libro
Publicado: Buenos Aires : Codex, 1969
Edición:11a. ed.
Etiquetas: Agregar Etiqueta
Sin Etiquetas, Sea el primero en etiquetar este registro!
LEADER 00448nam a22001575a 4500
001 CEM.cems001648
005 20101029122815.0
008 130507s1969##################000#0#####d
003 CEMS
082 0 4 |a 657 
100 1 |a Cholvis, Francisco 
245 1 0 |a Contabilidad :  |b primer curso /  |c Francisco Cholvis 
250 |a 11a. ed. 
260 |a Buenos Aires :  |b Codex,  |c 1969 
300 |a 250 p. 
859 |a CEMS  |b BIB. CEMS - 11 de abril  |h 657  |i Ch453a11  |p 6227.77  |t Ej.1  |v I  |3 I